| 000 | 00678cam a22002291 4500 | ||
|---|---|---|---|
| 001 | sa 66000517 | ||
| 003 | DLC | ||
| 005 | 20260227112215.0 | ||
| 008 | 960912s195u pk 000 0 pusr | ||
| 010 | _asa 66000517 | ||
| 025 | _aPL480:Pushto-101 | ||
| 035 | _a(OCoLC)35526691 | ||
| 040 |
_aDLC _cCLU _dCLU _dDLC |
||
| 042 | _apremarc | ||
| 050 | 0 | 0 |
_aPK6820.R3 _bD25 |
| 100 | 1 | _aRasa, Mian Sayed Rasul. | |
| 245 | 0 | 0 |
_aDa bedyā gulānah, _cSayyid Rasūl Rasā. |
| 260 |
_aPishāwar Shahar, _bIdārah-yi Ishāʻat-i Sarḥad _c[195-] |
||
| 300 |
_a15, 321 p. _c21 cm. |
||
| 500 | _aBinder's title: Da Bediyā gulūnah [by] Miyān Sayyid Rasūl Rasā. | ||
| 500 | _aPoems. | ||
| 999 |
_c67296 _d67296 |
||